| 000 | 00410cam a2200169ua 4500 | ||
|---|---|---|---|
| 020 | _c14.40 | ||
| 041 |
_aeng _h |
||
| 082 |
_a822 _bWIL/FI |
||
| 100 | _aWilde, Oscar . | ||
| 245 |
_aFive famous plays / _cOscar Wilde. _hTextual Documents |
||
| 260 |
_aLondon : _bGerald Duckworth and Co. Ltd. , _c1952. |
||
| 300 | _a383 ; . | ||
| 365 | _a14.40 | ||
| 504 | _a | ||
| 942 | _cBK | ||
| 999 |
_c7809 _d7809 |
||